| 000 | 00519nam a22001937a 4500 | ||
|---|---|---|---|
| 003 | OSt | ||
| 005 | 20140310181804.0 | ||
| 008 | 130704t xxu||||| |||| 00| 0 eng d | ||
| 020 | _a0199108536 | ||
| 050 |
_aPE 1591 _b.Sp764 2002 |
||
| 082 |
_aREF 423.1 _bSp6 2002 |
||
| 245 |
_aOxford mini school thesaurus _cSpooner, Alan |
||
| 260 |
_aOxford _bOxford University Press _cc2002. |
||
| 300 |
_a806 p. ; _c12 cm. |
||
| 521 | _aBasic Ed. Students | ||
| 541 | _j1 | ||
| 562 | _e1 | ||
| 942 |
_2lcc _cBK-GR _kREF |
||
| 999 |
_c3756 _d3756 |
||